000 00352nam a2200169Ia 4500
003 IT-RoPAU
008 120407s9999 xx 000 0 und d
040 _aIT-RoPAU
040 _cIT-RoPAU
100 _aPietro Tarino
245 _aLa Nostra Signora d'Oropa
260 _aAmosso
300 _c cm
490 _v1
600 _aopuscolo
942 _cBK
999 _c674
_d674